000 00520nam a2200181Ia 4500
005 20250508155543.0
008 008 250505s9999 xx 000 0 eng d
037 _aTextual
040 _aFEDL
_beng
_cFEDL
041 _aeng
_2eng
084 _a370, NCE
_qFEDL
245 0 _aReport of the regional seminar of principals of Delhi schools
245 0 _cNational Council of Educational Research and Training
260 _c1958
300 _a96p.
942 _cTEXL
_h370, NCE
999 _c1357698
_d1357698